| 000 | 00971nam a2200289 i 4500 | ||
|---|---|---|---|
| 001 | 000017493 | ||
| 003 | DO-SdBNP | ||
| 005 | 20230913130603.0 | ||
| 007 | ta | ||
| 008 | 100325s1987 dr ac 000 0 spa d | ||
| 040 |
_aDO-SdBNP _bspa _cBNPHU _erda |
||
| 082 | 4 |
_a069.57 _bA385p 1987 _222 |
|
| 100 | 1 |
_aAlfau, Reyna, _923666 _eautora |
|
| 245 | 1 | 3 |
_aLa pieza del mes 1985 / _cReyna Alfau. |
| 264 |
_aSanto Domingo : _bMuseo Nacional de Historia y Geografía, _c1987. |
||
| 300 |
_a88 páginas : _bilustraciones, retratos ; _c23 cm. |
||
| 336 |
_2rdacontent _atexto _btxt |
||
| 337 |
_2rdamedia _asin mediación _bn |
||
| 338 |
_2rdacarrier _avolumen _bnc |
||
| 490 |
_aMuseográfica _v2 |
||
| 590 | _aInventariado,2018/DG | ||
| 650 | 4 |
_aMuseos históricos _zRepública Dominicana _923667 |
|
| 650 | 4 |
_aColecciones y coleccionistas _zRepública Dominicana _923668 |
|
| 910 | _aValidado. Control de calidad MMOLINA | ||
| 942 |
_2ddc _cLBS1 |
||
| 956 | _aInventariado, 2021/BT | ||
| 999 |
_c17018 _d17018 |
||